| 000 | 00328nam a2200109Ia 4500 | ||
|---|---|---|---|
| 008 | 170221s9999 xx 000 0 und d | ||
| 100 | _aMonir Mir | ||
| 245 | _aEditorial: AABFJ Volume 9, Issue 1, 2015 | ||
| 245 | _cMonir Mir | ||
| 650 | _xBusiness | ||
| 856 | _uhttp://ro.uow.edu.au/cgi/viewcontent.cgi?article=1539&context=aabfj | ||
| 999 |
_c307588 _d307588 |
||